| 000 | 00317nam a2200097Ia 4500 | ||
|---|---|---|---|
| 082 | _aEF ARCH | ||
| 245 | 0 | _aFirst president : a life of John Dube, founding president of the ANC | |
| 100 |
_a Hughes, Heather Auckland Park, South Africa, 2011 _979388 |
||
| 942 | _cBK | ||
| 008 | 210817s9999 xx 000 0 und d | ||
| 999 |
_c276729 _d276728 |
||